A biztosítási ügynöki rendelet

Elmentve itt :
Bibliográfiai részletek
Szerző: Breit Zoltán
Dokumentumtípus: Cikk
Megjelent: 1929
Sorozat:Polgári jog : a hazai és külföldi magánjog és hiteljog szemléje 5
Kulcsszavak:Hiteljog jogi szabályozás, Biztosítás jogi szabályozás 1929
Online Access:http://misc.bibl.u-szeged.hu/5025
LEADER 00657nab a2200169 i 4500
001 misc5025
005 20191106142746.0
008 170607s1929 hu o 0|| hun d
040 |a SZTE Miscellanea Repozitórium  |b hun 
041 |a hun 
100 1 |a Breit Zoltán 
245 1 2 |a A biztosítási ügynöki rendelet  |h [elektronikus dokumentum] /  |c doberdói Breit Zoltán 
260 |c 1929 
300 |a 72-73a 
490 0 |a Polgári jog : a hazai és külföldi magánjog és hiteljog szemléje  |v 5 
695 |a Hiteljog jogi szabályozás, Biztosítás jogi szabályozás 1929 
856 4 0 |u http://misc.bibl.u-szeged.hu/5025/1/polgari_jog_1929_072-073a.pdf  |z Dokumentum-elérés